Catálogo

ORACIONES PARA PEDIR PERDON (Registro nro. 58879)

Detalles MARC
000 -LEADER
fixed length control field 00920nam a2200205 a 4500
001 - CONTROL NUMBER
control field 58879
005 - DATE AND TIME OF LATEST TRANSACTION
control field 20180714055634.0
008 - FIXED-LENGTH DATA ELEMENTS--GENERAL INFORMATION
fixed length control field 140415s2006 mx 000 0 spa d
020 ## - INTERNATIONAL STANDARD BOOK NUMBER
International Standard Book Number 9684371772
041 ## - LANGUAGE CODE
Language code of text/sound track or separate title spa
082 ## - DEWEY DECIMAL CLASSIFICATION NUMBER
Classification number 291.433
Item number MUÑ
100 1# - MAIN ENTRY--PERSONAL NAME
Personal name MUÑOZ, HECTOR
245 10 - TITLE STATEMENT
Title ORACIONES PARA PEDIR PERDON
250 ## - EDITION STATEMENT
Edition statement 7ed.
260 ## - PUBLICATION, DISTRIBUTION, ETC.
Place of publication, distribution, etc. MEXICO :
Name of publisher, distributor, etc. PAULINAS,
Date of publication, distribution, etc. 2006
300 ## - PHYSICAL DESCRIPTION
Extent 269
Dimensions 0.8 x 11 x 16.5
520 ## - SUMMARY, ETC.
Summary, etc. LA EXPERIENCIA NOS ENSEÑA QUE PERDONAR NO SIEMPRE ES FACIL. PERDONAR Y PEDIR PERDON ES UNA GRACIA. Y COMO TODAS LAS GRACIAS, EL VALOR Y LA FUERZA PARA PERDONAR Y RECIBIR EL PERDON LOS OBTENEMOS A TRAVES DE LA ORACION. ELLA NOS MANTIENE EN CONTACO CON DIOS, EL PADRE MISERICORDIOSO QUE SIEMPRE NOS PERDONA Y QUE NOS PIDE PERDONAR HASTA SETENTA VECES SIETE, SIEMORE Y DE TODO CORAZON.
650 14 - SUBJECT ADDED ENTRY--TOPICAL TERM
Topical term or geographic name entry element MEDITACIONES
General subdivision ORACIONES
-- PERDON
740 ## - ADDED ENTRY--UNCONTROLLED RELATED/ANALYTICAL TITLE
Uncontrolled related/analytical title ORACIONES PARA PEDIR PERDON
Existencias
Withdrawn status Lost status Source of classification or shelving scheme Damaged status Not for loan Collection code Home library Current library Shelving location Date acquired Source of acquisition Inventory number Total Checkouts Full call number Barcode Date last seen Date last checked out Price effective from Koha item type
    Dewey Decimal Classification     General Biblioteca Karol Wojtyla Biblioteca Karol Wojtyla Sala general 03/12/2013 Compra 151000000000000000058538 1 291.433 MU 89138 05/01/2026 19/06/2019 04/09/2014 Libro